000 00523nam a2200193Ia 4500
005 20250326130806.0
008 250326s9999 xx 000 0 und d
037 _aTextbook
040 _aFMSL
_beng
_cFMSL
041 _aeng
_2eng
084 _aX:51 Q8
_qFMSL
100 _aHastings G
_9741356
245 0 _aSocial marketing: rebels with a cause
_cHastings G; Domegn C
250 _a3
260 _aLondon
_bLondon, Routledge
_c2018
300 _a601p
942 _cTB
_hX:51 Q8
999 _c1284133
_d1284133